| 000 | 00892nam a2200217Ia 4500 | ||
|---|---|---|---|
| 999 |
_c34593 _d34593 |
||
| 001 | 354 | ||
| 003 | GE_BSU | ||
| 005 | 20200130123840.0 | ||
| 008 | 181216s2000||||ge |||||||||||||| ||geo|| | ||
| 040 | _cGE_BSU | ||
| 041 | _ageo | ||
| 080 | _a611.7 კ-36 | ||
| 100 |
_aკაციტაძე, ზურაბ _96529 |
||
| 245 |
_aადამიანის ანატომია : _bსაყრდენ-მამოძრავებელი აპარატი-Osteologia-Arthrologia-Myologia / _cზურაბ კაციტაძე. |
||
| 264 |
_aთბილისი : _bმედიცინა, _c2000. |
||
| 300 |
_a207 გვ. ; _b19 სმ. |
||
| 653 | _aადამიანის ანატომია | ||
| 653 | _aსაყრდენ-მამოძრავებელი აპარატი | ||
| 653 | _aმედიცინა | ||
| 942 |
_cBK _2udc |
||